| Tag |
First Indicator |
Second Indicator |
Subfields |
| LEADER |
00000ccm a2200000Ia 4500 |
| 001 |
in00002403921 |
| 005 |
20151109093126.0 |
| 008 |
080811s200u nyuzza n zxx d |
| 035 |
|
|
|a (OCoLC)ocn775355271
|
| 035 |
|
|
|a (OCoLC)775355271
|
| 040 |
|
|
|a TXA
|b eng
|c TXA
|d UtOrBLW
|
| 045 |
0 |
|
|b d1933
|
| 048 |
|
|
|a wc01
|a wi01
|a pn01
|a ka01
|
| 049 |
|
|
|a TXAM
|
| 050 |
|
4 |
|a M447
|b .S199 op. 8 2000z
|
| 100 |
1 |
|
|a Saygun, Ahmed Adnan.
|
| 240 |
1 |
0 |
|a Quartet,
|m piano, clarinet, saxophone, percussion,
|n op. 8
|
| 245 |
1 |
0 |
|a Quartett op. 8 (1933) :
|b für Klarinette, Tenor Saxophon, Schlagzeug und Klavier = for clariinet, tenor saxophone, percussion and piano /
|c A. Adnan Saygun.
|
| 246 |
3 |
1 |
|a For clariinet, tenor saxophone, percussion and piano
|
| 250 |
|
|
|a Spielpartitur = performing score.
|
| 264 |
|
1 |
|a New York ;
|a Hamburg :
|b Peermusic Classical,
|c [between 2000 and 2009?]
|
| 300 |
|
|
|a 1 score (11 pages) ;
|c 33 cm.
|
| 336 |
|
|
|a notated music
|b ntm
|2 rdacontent
|
| 337 |
|
|
|a unmediated
|b n
|2 rdamedia
|
| 338 |
|
|
|a volume
|b nc
|2 rdacarrier
|
| 500 |
|
|
|a Reproduced from composer's holograph.
|
| 500 |
|
|
|a Four copies needed for performance.
|
| 650 |
|
0 |
|a Quartets (Piano, clarinet, saxophone, percussion)
|v Scores.
|
| 948 |
|
|
|a cataloged
|b h
|c 2012/2/6
|d o
|e fpiscitelli
|f !!:48:24 am
|
| 994 |
|
|
|a C0
|b TXA
|
| 999 |
|
|
|a MARS
|
| 999 |
f |
f |
|s 10a862a0-f535-383b-93d6-de3dbd3a96ad
|i af87da16-5db1-31df-a1ba-ad0834d8b30c
|t 0
|
| 952 |
f |
f |
|p ric
|a Texas A&M University
|b Rellis Campus
|c Joint Library Facility
|d Remote Storage
|t 0
|e M447 .S199 op. 8 2000z
|h Library of Congress classification
|i unmediated -- volume
|m A14841179467
|
| 998 |
f |
f |
|a M447 .S199 op. 8 2000z
|t 0
|l Remote Storage
|